|
|
|
|
| LEADER |
00000cam a2200000 4500 |
| 001 |
vtls011910741 |
| 003 |
SK-MaSNL |
| 005 |
20260302023159.0 |
| 008 |
210701s2019 xo gr 000 f slo |
| 015 |
|
|
|a SNBA2020/06
|
| 020 |
|
|
|a 9788055642536
|q (viazané)
|
| 035 |
|
|
|a urn:nbn:sk:snk-am00fg86
|
| 035 |
|
|
|a urn:nbn:sk:snk-am3iska
|
| 035 |
|
|
|a 07D41CA8-E024-47B2-87C5-C2B3EC54F4D0
|
| 040 |
|
|
|a SNK
|b slo
|c SNK
|e rda
|
| 041 |
1 |
|
|a slo
|h jpn
|
| 044 |
|
|
|a xo
|c SK
|
| 072 |
|
7 |
|a 821.521
|x Japonská literatúra
|2 konspekt
|
| 080 |
|
|
|a 821.521-31
|2 2011
|
| 100 |
1 |
|
|a Murakami, Haruki,
|d 1949-
|4 aut
|9 92944
|
| 240 |
1 |
0 |
|a Hitsuji o meguru boken
|l Slovensky
|
| 245 |
1 |
0 |
|a Hon na ovcu
|c Haruki Murakami ; z japončiny preložila Lucia Preuss
|
| 250 |
|
|
|a [3. vydanie]
|
| 264 |
|
1 |
|a Bratislava
|b Slovart
|c 2019
|
| 300 |
|
|
|a 323 strán
|c 22 cm
|
| 336 |
|
|
|a text
|b txt
|2 rdacontent
|
| 337 |
|
|
|a bez média
|b n
|2 rdamedia
|
| 338 |
|
|
|a zväzok
|b nc
|2 rdacarrier
|
| 490 |
1 |
|
|a MM Svetová próza
|v 47. zv.
|
| 655 |
|
7 |
|a japonské romány
|2 SNKPH
|9 70776
|
| 655 |
|
7 |
|a Japanese fiction
|2 SNKPHeng
|9 326741
|
| 700 |
1 |
|
|a Preuss, Lucia,
|d 1975-
|4 trl
|9 669522
|
| 830 |
|
0 |
|a MM Svetová próza
|9 508320
|
| 919 |
|
|
|a 978-80-556-4253-6
|
| 958 |
|
|
|a OND
|
| 958 |
|
|
|a LX
|
| 958 |
|
|
|a UP
|
| 968 |
|
|
|b JAP
|
| 999 |
|
|
|c 1035622
|d 1037552
|
| 952 |
|
|
|a SNK
|b SNK
|y PREZ
|7 0
|p 17A1548005
|o snkSC 188568 D1
|i snk2024/8788
|8 0
|0 0
|1 0
|4 0
|d 2024-06-04
|l 0
|r 2026-02-24 14:07:35
|w 2026-02-24
|
| 952 |
|
|
|a SNK
|b SNK
|y PREZ
|7 0
|p 17A1425510
|o snkSC 188568
|i snk2020/7989
|8 0
|0 0
|1 0
|4 0
|d 2020-05-19
|f 1
|l 0
|r 2025-10-06 00:00:00
|w 2026-02-24
|